| 000 | 01035nam a2200217 i 4500 | ||
|---|---|---|---|
| 001 | 44475 | ||
| 003 | ES-MaACL | ||
| 005 | 20230926145230.0 | ||
| 007 | t| | ||
| 008 | 030321s1966 sp ||||1| spa d | ||
| 245 | 0 | 0 |
_aCódigo civil español : _bajustado a la edición oficial, anotado con la legislación complementaria y seguido de un repertorio alfabético de materias y de un apéndice que contiene el correspondiente al derecho foral de Aragón y las compilaciones de derecho foral o especial. |
| 246 | 3 | _aCódigo civil español, legislaciones forales o especiales y leyes complementarias | |
| 250 | _a7ª ed. corr. | ||
| 260 |
_aMadrid : _bReus, _c1966. |
||
| 300 |
_a800 p. ; _c14 cm. |
||
| 852 | 4 |
_aES-MaACL _jA-5463 _xExpurgado en 2022: triplicado; ejemplar deteriorado ; _cDEPOJ |
|
| 852 | 4 |
_aES-MaACL _jA-5474 _xExpurgado en 2022: ejemplar deteriorado; ejemplar falto de páginas _cDEPOJ |
|
| 852 | 4 |
_aEs-MaACL _jA-5476 _cSPP1 _946130 |
|
| 942 |
_2udc _cMONOGRAFIA |
||
| 999 |
_c44475 _d44475 |
||